000 00478nmm a2200169Ia 4500
008 251105s9999||||xx |||||||||||||||||und||
020 _a9788468776095
041 _aspa
100 _aGreen, Abby
245 0 _aLa boda del magnate
264 _a[Madrid, España] :
_bHarlequin,
_c[Fecha de publicación no identificada]
300 _a0 páginas
490 _a'Los Chastfield'
650 _aRomance
856 _uhttps://public.digitaliapublishing.com/a/94584
942 _cCF
999 _c84413
_d84413